• 首页
  • 本馆介绍
  • 公告通知
  • 最新文献
  • 馆藏检索
  • 电子资源
  • 读者导购
  • 参考咨询
  • 我的图书馆
  • 登录
  • 详细信息显示
  • 放入我的书架
  • 预约/预借图书
  • 作者相关作品
  • 分类相关作品
  • 丛书相关作品
  • 出版社相关作品

书目信息

  • 表格格式
  • 工作单格式
  • 卡片格式
题名:
多维视角下的社会体育研究
    
 
作者: 王志华 著
分册:  
出版信息: 北京   北京工业大学出版社  2019.9
页数: 224页
开本: 24cm
丛书名:
单 册:
中图分类: G811.4
科图分类:
主题词: 全民体育--研究
电子资源:
ISBN: 978-7-5639-6967-8
000 00997nam0 2200253 45
001 490039
005 20140817160006.0
010    @a978-7-5639-6967-8@dCNY50.00
099    @aCAL 012020038252
100    @a20200401d2019 em y0chiy0110 ea
101 0  @achi
102    @aCN@b110000
105    @ay a 000yy
106    @ar
200 1  @a多维视角下的社会体育研究@Aduo wei shi jiao xia de she hui ti yu yan jiu@f王志华著
210    @a北京@c北京工业大学出版社@d2019.9
215    @a224页@d24cm
320    @a有书目 (第223-224页)
330    @a本书共分八章:第一章介绍了社会体育的概念以及类型等内容;第二章研究了社会体育的参与;第三章分析了社会体育资源;第四章分析了社会体育与现代社会;第五章分析了社会体育与健康管理;第六章分析了城市社区体育与农村体育;第七章分析了老年社会体育的组织与开展;第八章分析了社会体育活动的内容原则与方法。
606 0  @a全民体育@x研究
690    @aG811.4@v5
701  0 @a王志华@Awang zhi hua@4著
801    @aCN@b江苏凤凰@c20211018
905    @b1355382-5@dG811.4@e108@f4
    
    多维视角下的社会体育研究/王志华著.-北京:北京工业大学出版社,2019.9
    224页;24cm
    
    
    ISBN 978-7-5639-6967-8:CNY50.00
    本书共分八章:第一章介绍了社会体育的概念以及类型等内容;第二章研究了社会体育的参与;第三章分析了社会体育资源;第四章分析了社会体育与现代社会;第五章分析了社会体育与健康管理;第六章分析了城市社区体育与农村体育;第七章分析了老年社会体育的组织与开展;第八章分析了社会体育活动的内容原则与方法。
●
相关链接 在E读中查询图书 在五车中查询图书 在当当中查询图书 在豆瓣中查询图书


正题名:多维视角下的社会体育研究     索取号:G811.4/108         预约/预借

序号 登录号 条形码 馆藏地/架位号 状态 备注
1 1355382   213553821   第一样本阅览室/ [索取号:G811.4/108] 在馆    
2 1355383   213553830   第四借阅区/ [索取号:G811.4/108] 在馆    
3 1355384   213553849   第四借阅区/ [索取号:G811.4/108] 在馆    
4 1355385   213553858   第四借阅区/ [索取号:G811.4/108] 在馆    
唐山师范学院图书馆 欢迎您!
大连网信软件有限公司© 版权所有